000 00720nam a2200265Ia 4500
003 OSt
005 20220918163425.0
006 a|||||r|||| 00| 0
007 ta
008 220917b |||||||| |||| 00| 0 eng d
020 _a0 7156 1036 8
024 _a251,585
037 _cTextual
040 _aARTS
_cARTS
_beng
041 _2eng
_aeng
082 _aY7:1, L8
100 _aHodder Ian Ed.
_913064
245 0 _aSpatial organisation of culture edited by Ian Hodder
260 _aLondon
_bGerald Duckworth and Co UK
_c1978
300 _a307p.
_ccm.
490 _aNew approaches in archaeology
650 _aSOCIOLOGY
942 _hY7:1, L8
_cTEXL
_2CC
999 _c119518
_d119518